[Event "GER-ch U14"]
[Site "Willingen"]
[Date "2022.06.11"]
[Round "9"]
[White "Besou, Hussain"]
[Black "Krueger, Arthur"]
[Result "1-0"]
[WhiteElo "2094"]
[BlackElo "1988"]
[PlyCount "113"]
[EventDate "2022.06.04"]
[EventType "swiss"]
[EventRounds "9"]
[EventCountry "GER"]
[SourceTitle "CBM 208 Extra"]
[Source "ChessBase"]
[SourceDate "2022.07.31"]
[SourceVersion "1"]
[SourceVersionDate "2022.07.31"]
[SourceQuality "1"]

1. d4 d5 2. c4 dxc4 3. e3 Nf6 4. Nf3 e6 5. Bxc4 c5 6. 0-0 a6 7. a4 cxd4 8. exd4 Nc6 9. Nc3 Be7 10. Re1 0-0 11. Bg5 h6 12. Bh4 Bd7 13. Rc1 Re8 14. Bg3 Bb4 15. Ne5 Rc8 16. Ba2 Nd5 17. Nd3 Qa5 18. Nxb4 Ncxb4 19. Bb3 Rc6 20. Re5 f6 21. Re1 Rec8 22. Qf3 Kh8 23. h4 Nxc3 24. bxc3 Qb6 25. c4 Be8 26. c5 Qa5 27. Rxe6 Rxe6 28. Bxe6 Rd8 29. Qxb7 Rxd4 30. Qe7 Qd8 31. Qf8+ Kh7 32. Bd6 Nc6 33. Bg8+ Kg6 34. Re1 Ne5 35. Rxe5 Rd1+ 36. Kh2 fxe5 37. Bf7+ Kf5 38. Bxe8+ Qf6 39. Bd7+ Kf4 40. Qxf6+ gxf6 41. Bc8 a5 42. Be7 Rc1 43. Bd7 Ke4 44. c6 Kd5 45. Bxf6 Kd6 46. Bd8 Rc4 47. Bxa5 Rxh4+ 48. Kg3 Rxa4 49. Bd8 Ra8 50. Bb6 Ra4 51. Be3 h5 52. Kf3 Kc7 53. Bc5 Rc4 54. Be7 Ra4 55. Be8 h4 56. Bd8+ Kc8 57. c7 1-0

[Event "GER-ch U14"]
[Site "Willingen"]
[Date "2022.06.08"]
[Round "5"]
[White "Haubold, Sebastian Marcel"]
[Black "Krueger, Arthur"]
[Result "1/2-1/2"]
[WhiteElo "1889"]
[BlackElo "1988"]
[PlyCount "72"]
[EventDate "2022.06.04"]
[EventType "swiss"]
[EventRounds "9"]
[EventCountry "GER"]
[SourceTitle "CBM 208 Extra"]
[Source "ChessBase"]
[SourceDate "2022.07.31"]
[SourceVersion "1"]
[SourceVersionDate "2022.07.31"]
[SourceQuality "1"]

1. e4 e6 2. d4 d5 3. Nd2 c5 4. exd5 Qxd5 5. Ngf3 cxd4 6. Bc4 Qd7 7. 0-0 Nc6 8. Nb3 Nf6 9. Nbxd4 Nxd4 10. Nxd4 a6 11. Re1 Bc5 12. Be3 Qc7 13. Bb3 0-0 14. Qf3 e5 15. Nf5 Bxf5 16. Qxf5 Bxe3 17. Rxe3 Rfe8 18. Rae1 e4 19. Rg3 Qe5 20. Qxe5 Rxe5 21. Rge3 Ree8 22. h3 Rad8 23. g4 h6 24. Kg2 Rd2 25. Kg3 Rdd8 26. c3 Kf8 27. Bc2 Rd2 28. R1e2 Rxe2 29. Rxe2 Re6 30. c4 g5 31. b4 b6 32. f4 exf3 33. Rxe6 fxe6 34. Kxf3 Ke7 35. Ke3 Kd6 36. Bd1 e5 1/2-1/2

[Event "GER-ch U14"]
[Site "Willingen"]
[Date "2022.06.07"]
[Round "4"]
[White "Krueger, Arthur"]
[Black "Winkler, Yonathan"]
[Result "1/2-1/2"]
[WhiteElo "1988"]
[BlackElo "1699"]
[PlyCount "99"]
[EventDate "2022.06.04"]
[EventType "swiss"]
[EventRounds "9"]
[EventCountry "GER"]
[SourceTitle "CBM 208 Extra"]
[Source "ChessBase"]
[SourceDate "2022.07.31"]
[SourceVersion "1"]
[SourceVersionDate "2022.07.31"]
[SourceQuality "1"]

1. e4 c5 2. Nf3 a6 3. c3 d5 4. exd5 Qxd5 5. d4 Nf6 6. Be2 e6 7. 0-0 Nc6 8. Be3 cxd4 9. Nxd4 Ne5 10. Nd2 Be7 11. f4 Ng6 12. Bf3 Qd8 13. g3 e5 14. fxe5 Nxe5 15. Bg2 0-0 16. Qb3 Nfg4 17. Rae1 Bc5 18. Bd5 a5 19. a4 Bd7 20. Nc4 Bxa4 21. Qxa4 Qxd5 22. Nxe5 Nxe5 23. Qd1 Nc4 24. Rf5 Nxe3 25. Rxd5 Nxd1 26. Rxd1 b6 27. Kf1 Rad8 28. Nb3 Be7 29. Ke2 Rfe8 30. Rxd8 Rxd8 31. Rxd8+ Bxd8 32. Kd3 Kf8 33. Kc4 Ke7 34. Kd5 Kd7 35. Nd2 h6 36. Nc4 Bc7 37. Ne3 h5 38. Nf5 g6 39. Nh4 Bd8 40. Nf3 Bf6 41. Nd2 Bd8 42. Nf3 f6 43. h3 Bc7 44. g4 hxg4 45. hxg4 Bg3 46. Nd4 Bd6 47. b3 Be5 48. Ne2 Bc7 49. Nd4 Bd6 50. c4 1/2-1/2

[Event "Bodensee op"]
[Site "Bregenz"]
[Date "2022.05.24"]
[Round "4"]
[White "Bauer, Thomas"]
[Black "Krueger, Arthur"]
[Result "1-0"]
[WhiteElo "2216"]
[BlackElo "1842"]
[PlyCount "81"]
[EventDate "2022.05.21"]
[EventType "swiss"]
[EventRounds "9"]
[EventCountry "AUT"]
[SourceTitle "CBM 208 Extra"]
[Source "ChessBase"]
[SourceDate "2022.07.31"]
[SourceVersion "1"]
[SourceVersionDate "2022.07.31"]
[SourceQuality "1"]

1. e4 e6 2. d4 d5 3. e5 c5 4. c3 Nc6 5. Nf3 Bd7 6. Be2 Qb6 7. a3 f6 8. b4 fxe5 9. dxe5 Nh6 10. 0-0 Nf7 11. Bf4 g6 12. Re1 Bg7 13. Bd3 c4 14. Bc2 0-0 15. Qd2 a5 16. b5 Qxb5 17. a4 Qc5 18. Na3 Na7 19. h4 Nh8 20. Bd1 Qc8 21. Rb1 Rb8 22. Be3 Ra8 23. Qb2 Bc6 24. Bc5 Rf4 25. Qd2 Re4 26. Rxe4 dxe4 27. Ng5 h6 28. Nh3 Bxa4 29. Qe3 Bxd1 30. Rxd1 Nc6 31. Nxc4 Ra6 32. Qxe4 Nxe5 33. Nxe5 Qxc5 34. Rd8+ Kh7 35. Ng5+ hxg5 36. hxg5 Bf8 37. Nd7 Qxg5 38. Nxf8+ Kh6 39. Rd7 Qc1+ 40. Kh2 Kg5 41. Qe5+ 1-0

[Event "GER-ch U14"]
[Site "Willingen"]
[Date "2021.08.23"]
[Round "2"]
[White "Krueger, Arthur"]
[Black "Schwartz, Oliver"]
[Result "1-0"]
[WhiteElo "1643"]
[BlackElo "1896"]
[PlyCount "69"]
[EventDate "2021.08.22"]
[EventType "swiss"]
[EventRounds "9"]
[EventCountry "GER"]
[SourceTitle "EXT 2022"]
[Source "ChessBase"]
[SourceDate "2021.10.06"]
[SourceVersion "1"]
[SourceVersionDate "2021.10.06"]
[SourceQuality "1"]

1. d4 Nf6 2. Nf3 e6 3. Bf4 c5 4. e3 Nc6 5. c3 Be7 6. Bd3 0-0 7. Nbd2 cxd4 8. exd4 d6 9. Qe2 Re8 10. 0-0 Bf8 11. Rad1 e5 12. dxe5 dxe5 13. Bg3 Bg4 14. Ne4 Qe7 15. Bh4 Qe6 16. Bxf6 gxf6 17. h3 Bh5 18. g4 Bg6 19. Bc4 Qe7 20. Rd7 Bxe4 21. Rxe7 Bxf3 22. Bxf7+ Kh8 23. Qxf3 Rxe7 24. Bd5 Rc8 25. Qxf6+ Bg7 26. Qh4 Rec7 27. Be4 Bf8 28. Rd1 Rf7 29. Qh5 Re7 30. Qf5 Rce8 31. Rd7 Rxd7 32. Qxd7 Re7 33. Qf5 Bh6 34. g5 Bxg5 35. Qf8# 1-0

[Event "GER-ch U14"]
[Site "Willingen"]
[Date "2021.08.23"]
[Round "1"]
[White "Von Mettenheim, Johannes"]
[Black "Krueger, Arthur"]
[Result "1/2-1/2"]
[WhiteElo "1953"]
[BlackElo "1643"]
[PlyCount "133"]
[EventDate "2021.08.22"]
[EventType "swiss"]
[EventRounds "9"]
[EventCountry "GER"]
[SourceTitle "EXT 2022"]
[Source "ChessBase"]
[SourceDate "2021.10.06"]
[SourceVersion "1"]
[SourceVersionDate "2021.10.06"]
[SourceQuality "1"]

1. d4 d5 2. c4 e6 3. Nc3 Nf6 4. Bg5 Be7 5. e3 Nbd7 6. Nf3 h6 7. Bh4 0-0 8. Qc2 c5 9. cxd5 Nxd5 10. Bxe7 Nxe7 11. Be2 Nc6 12. 0-0 cxd4 13. exd4 Nf6 14. Rad1 Nd5 15. Ne5 Nxe5 16. dxe5 Qc7 17. Qe4 Nxc3 18. bxc3 Bd7 19. Bd3 g6 20. Qf4 Kh7 21. Rfe1 f5 22. Qb4 Bc6 23. Bc4 Qf7 24. Rd6 Rfe8 25. Qb3 Qe7 26. Rxe6 Qg5 27. Bf1 f4 28. Rxe8 Rxe8 29. Qf7+ Kh8 30. h4 Qxh4 31. Qxg6 Qg5 32. Qxg5 hxg5 33. g3 Kg7 34. gxf4 gxf4 35. Bg2 Kg6 36. Bxc6 bxc6 37. e6 Kf6 38. Re4 Kf5 39. Ra4 Rxe6 40. Rxa7 f3 41. Rd7 Kg4 42. Rd1 Re2 43. Ra1 Rc2 44. a4 Rxc3 45. a5 Rd3 46. a6 Rd8 47. a7 Ra8 48. Ra4+ Kh3 49. Kf1 c5 50. Ra3 Kh2 51. Ra4 Kh3 52. Ke1 c4 53. Kd2 Kg2 54. Ke3 c3 55. Rg4+ Kf1 56. Kxf3 Rxa7 57. Rh4 Rf7+ 58. Ke3 Rxf2 59. Kd3 Rf3+ 60. Kc2 Kf2 61. Rh8 Kg3 62. Rg8+ Kf4 63. Rf8+ Kg3 64. Rg8+ Kf4 65. Rf8+ Kg3 66. Rg8+ Kf4 67. Rf8+ 1/2-1/2

[Event "DSOL 03 Liga Gr-A 1st"]
[Site "Playchess.com INT"]
[Date "2020.07.14"]
[Round "4.4"]
[White "Franzky, Julian"]
[Black "Krueger, Arthur"]
[Result "0-1"]
[WhiteElo "1339"]
[BlackElo "1731"]
[PlyCount "78"]
[EventDate "2020.06.22"]
[EventType "team-tourn (rapid)"]
[EventCountry "GER"]
[SourceTitle "EXT 2021"]
[Source "ChessBase"]
[SourceDate "2020.10.23"]
[SourceVersion "1"]
[SourceVersionDate "2020.10.23"]
[SourceQuality "1"]
[WhiteTeam "Tegernsee"]
[BlackTeam "Hamburger SK III"]
[WhiteTeamCountry "GER"]
[BlackTeamCountry "GER"]

1. e4 e6 2. d4 d5 3. e5 c5 4. c3 Nc6 5. Nf3 Bd7 6. Be3 Nge7 7. Bb5 Qb6 8. Bxc6 Nxc6 9. 0-0 Qxb2 10. Nbd2 Qxc3 11. Rc1 Qa5 12. Nb3 Qxa2 13. Nxc5 Bxc5 14. Rxc5 Qa6 15. Ng5 h6 16. Nf3 Qb6 17. Qc2 0-0 18. Rb1 Qc7 19. Qb2 b6 20. Rc3 Qb7 21. Rbc1 Rac8 22. R1c2 Na5 23. Rxc8 Rxc8 24. Rxc8+ Qxc8 25. Qc1 Qxc1+ 26. Bxc1 Nc4 27. Kf1 a5 28. Ke2 b5 29. Kd3 b4 30. Kc2 a4 31. Kb1 a3 32. Nd2 Nxd2+ 33. Bxd2 b3 34. Bc3 Bb5 35. Bb4 Bd3+ 36. Ka1 b2+ 37. Ka2 b1Q+ 38. Kxa3 Bc2 39. Bf8 Qb3# 0-1

[Event "GER-ch U12"]
[Site "Willingen"]
[Date "2019.06.15"]
[Round "9"]
[White "Schwartz, Oliver"]
[Black "Krueger, Arthur"]
[Result "1/2-1/2"]
[WhiteElo "1616"]
[BlackElo "1613"]
[PlyCount "68"]
[EventDate "2019.06.08"]
[EventType "swiss"]
[EventRounds "9"]
[EventCountry "GER"]
[SourceTitle "CBM 191 Extra"]
[Source "ChessBase"]
[SourceDate "2019.09.30"]
[SourceVersion "1"]
[SourceVersionDate "2019.09.30"]
[SourceQuality "1"]

1. e4 e5 2. Nf3 Nc6 3. Bc4 Bc5 4. c3 Nf6 5. d3 d6 6. Bb3 h6 7. Nbd2 0-0 8. h3 Be6 9. Bc2 a5 10. Nf1 Ne7 11. g4 Nh7 12. Ng3 Ng6 13. Nh5 Ng5 14. Bxg5 hxg5 15. a3 Nh4 16. d4 Nxf3+ 17. Qxf3 exd4 18. 0-0-0 dxc3 19. Qxc3 f6 20. f3 b5 21. Qd2 Qe8 22. Qd3 Bc4 23. Qc3 Qe5 24. Qd2 Rfb8 25. h4 a4 26. hxg5 fxg5 27. f4 gxf4 28. Nxf4 Kf7 29. Nd5 Bxd5 30. Qxd5+ Qxd5 31. exd5 Be3+ 32. Kb1 Bg5 33. Rdf1+ Ke7 34. Re1+ Kf7 1/2-1/2

[Event "GER-ch U12"]
[Site "Willingen"]
[Date "2019.06.14"]
[Round "8"]
[White "Krueger, Arthur"]
[Black "Rempe, Jonas"]
[Result "1/2-1/2"]
[WhiteElo "1613"]
[BlackElo "1781"]
[PlyCount "73"]
[EventDate "2019.06.08"]
[EventType "swiss"]
[EventRounds "9"]
[EventCountry "GER"]
[SourceTitle "CBM 191 Extra"]
[Source "ChessBase"]
[SourceDate "2019.09.30"]
[SourceVersion "1"]
[SourceVersionDate "2019.09.30"]
[SourceQuality "1"]

1. d4 Nf6 2. c4 g6 3. Nc3 Bg7 4. Nf3 0-0 5. g3 d6 6. Bg2 Nbd7 7. 0-0 c6 8. Qc2 Qc7 9. e4 e5 10. d5 Nb6 11. dxc6 bxc6 12. b3 d5 13. Ba3 Re8 14. exd5 cxd5 15. Nb5 Qc6 16. Nd6 Re6 17. Rac1 Bd7 18. Ng5 Re7 19. cxd5 Qxc2 20. Rxc2 Nfxd5 21. Rd1 Be6 22. Rcd2 Bh6 23. Nf5 gxf5 24. Bxe7 Re8 25. Bxd5 Nxd5 26. Rxd5 Bxd5 27. Rxd5 Rxe7 28. Nf3 Bg7 29. Nh4 f4 30. Nf5 Rc7 31. Nxg7 Kxg7 32. Rxe5 f3 33. Re1 Rc2 34. Ra1 Rb2 35. h3 a5 36. Kf1 Kf6 37. Kg1 1/2-1/2

[Event "GER-ch U12"]
[Site "Willingen"]
[Date "2019.06.12"]
[Round "5"]
[White "Mueller, Maximilian3333"]
[Black "Krueger, Arthur"]
[Result "1-0"]
[WhiteElo "1606"]
[BlackElo "1613"]
[PlyCount "155"]
[EventDate "2019.06.08"]
[EventType "swiss"]
[EventRounds "9"]
[EventCountry "GER"]
[SourceTitle "CBM 191 Extra"]
[Source "ChessBase"]
[SourceDate "2019.09.30"]
[SourceVersion "1"]
[SourceVersionDate "2019.09.30"]
[SourceQuality "1"]

1. e4 e5 2. Nf3 Nc6 3. Bb5 a6 4. Ba4 Nf6 5. 0-0 b5 6. Bb3 Bc5 7. c3 d6 8. a4 Rb8 9. d4 Bb6 10. a5 Nxa5 11. Rxa5 Bxa5 12. dxe5 Ng8 13. Ng5 Nh6 14. e6 fxe6 15. Qh5+ Kf8 16. f4 Qf6 17. Be3 Bb6 18. Bxb6 Rxb6 19. f5 exf5 20. exf5 Rb7 21. Ne6+ Ke7 22. Re1 Kd7 23. Rf1 Rb6 24. Nd2 Qe7 25. Ne4 Ng8 26. Rd1 Bb7 27. N4c5+ Kc8 28. Nxb7 Kxb7 29. Qf3+ Ka7 30. Bd5 Nf6 31. c4 Nxd5 32. cxd5 Rc8 33. Rc1 Kb7 34. b4 c6 35. dxc6+ Rbxc6 36. Nd4 Qd7 37. Nxc6 Rxc6 38. Qd5 Kc7 39. Rxc6+ Qxc6 40. Qf7+ Qd7 41. Qd5 Qe7 42. Qd2 Qf6 43. Qc1+ Kd7 44. Qb1 Qd4+ 45. Kf1 Qf4+ 46. Kg1 Kc6 47. h3 h6 48. Qc2+ Qc4 49. Qb2 Qf7 50. Qc3+ Kd7 51. Qc2 Qf6 52. Qb1 Qd4+ 53. Kf1 d5 54. g4 Qe3 55. Kg2 d4 56. Qa2 Qe4+ 57. Kf2 Qe3+ 58. Kg2 d3 59. Qd5+ Kc7 60. Qf7+ Kd6 61. Qf8+ Kd5 62. Qf7+ Kd6 63. Qf8+ Qe7 64. Qb8+ Qc7 65. Qf8+ Kc6 66. Qc5+ Kb7 67. Qd4 Qc2+ 68. Kf3 Qe2+ 69. Kg3 Qc2 70. Qxg7+ Qc7+ 71. Qxc7+ Kxc7 72. Kf3 Kd6 73. Ke3 Kc6 74. Kxd3 Kd5 75. h4 Ke5 76. Ke3 Kd5 77. g5 hxg5 78. hxg5 1-0

[Event "GER-ch U12"]
[Site "Willingen"]
[Date "2019.06.11"]
[Round "4"]
[White "Krueger, Arthur"]
[Black "Hecht, Jonas Christian"]
[Result "1/2-1/2"]
[WhiteElo "1613"]
[BlackElo "1726"]
[PlyCount "95"]
[EventDate "2019.06.08"]
[EventType "swiss"]
[EventRounds "9"]
[EventCountry "GER"]
[SourceTitle "CBM 191 Extra"]
[Source "ChessBase"]
[SourceDate "2019.09.30"]
[SourceVersion "1"]
[SourceVersionDate "2019.09.30"]
[SourceQuality "1"]

1. e4 d6 2. d4 Nf6 3. Nc3 e5 4. dxe5 dxe5 5. Qxd8+ Kxd8 6. Nf3 Bd6 7. Bc4 Ke7 8. Bg5 c6 9. 0-0-0 Nbd7 10. Bxf7 Bb4 11. Bc4 Bxc3 12. bxc3 h6 13. Bxf6+ gxf6 14. Nh4 Nf8 15. Rd2 b5 16. Bb3 a5 17. a3 Rh7 18. Rhd1 Ra7 19. c4 a4 20. Ba2 Be6 21. Kb2 bxc4 22. Nf5+ Bxf5 23. exf5 Rg7 24. f3 Rb7+ 25. Kc3 Nd7 26. h4 Nb6 27. Bxc4 Nxc4 28. Kxc4 Rg8 29. Kc5 Rc8 30. c4 Rb3 31. Rd7+ Ke8 32. Rh7 Rcb8 33. Rh8+ Ke7 34. Rxb8 Rxb8 35. Kxc6 Rb2 36. Rd7+ Ke8 37. Ra7 Rxg2 38. Rxa4 Rf2 39. c5 Rxf3 40. Kb7 Rb3+ 41. Rb4 Rxa3 42. c6 Rc3 43. Rb1 Kd8 44. Rb4 Ke7 45. Rb1 Kd8 46. Rb4 Ke7 47. Rb5 Kd6 48. Rb1 1/2-1/2

[Event "Blankenese op 2nd"]
[Site "Hamburg"]
[Date "2018.10.02"]
[Round "6.27"]
[White "Krueger, Arthur"]
[Black "Maisuradze, Daviti"]
[Result "0-1"]
[WhiteElo "1629"]
[BlackElo "1749"]
[PlyCount "72"]
[EventDate "2018.09.29"]
[EventType "swiss"]
[EventRounds "7"]
[EventCountry "GER"]
[SourceTitle "EXT 2020"]
[Source "ChessBase"]
[SourceDate "2019.10.17"]
[SourceVersion "1"]
[SourceVersionDate "2019.10.17"]
[SourceQuality "1"]

1. e4 c5 2. Nf3 a6 3. d4 cxd4 4. Nxd4 Nc6 5. Nc3 e5 6. Nb3 Bb4 7. Bd2 Nf6 8. f3 0-0 9. Qe2 Bxc3 10. Bxc3 d5 11. 0-0-0 d4 12. Bd2 Qc7 13. Kb1 b6 14. g4 Be6 15. g5 Nd7 16. h4 Rfc8 17. Rc1 a5 18. Bh3 Bxh3 19. Rxh3 a4 20. Na1 Na5 21. Bxa5 bxa5 22. Rhh1 Rab8 23. b3 a3 24. Qd2 Nc5 25. c3 d3 26. c4 a4 27. Rc3 Rd8 28. Rh2 Qb6 29. Rg2 Rd4 30. Kc1 Qb4 31. h5 axb3 32. Nxb3 Rxc4 33. Rxc4 Qxc4+ 34. Kd1 Nxb3 35. axb3 Qxb3+ 36. Ke1 Qb1+ 0-1

[Event "Blankenese op 2nd"]
[Site "Hamburg"]
[Date "2018.09.30"]
[Round "3.29"]
[White "Krueger, Arthur"]
[Black "Knauer, Frank"]
[Result "0-1"]
[WhiteElo "1629"]
[BlackElo "1816"]
[PlyCount "78"]
[EventDate "2018.09.29"]
[EventType "swiss"]
[EventRounds "7"]
[EventCountry "GER"]
[SourceTitle "EXT 2020"]
[Source "ChessBase"]
[SourceDate "2019.10.17"]
[SourceVersion "1"]
[SourceVersionDate "2019.10.17"]
[SourceQuality "1"]

1. e4 d6 2. d4 Nf6 3. Nc3 g6 4. f4 Bg7 5. Nf3 0-0 6. e5 dxe5 7. fxe5 Nd5 8. Bc4 c6 9. Nxd5 cxd5 10. Bd3 Nc6 11. Bd2 Qb6 12. Bc3 Bg4 13. Be2 f6 14. h3 Bf5 15. Qd2 Rac8 16. Bd3 Bxd3 17. Qxd3 fxe5 18. dxe5 d4 19. Bxd4 Nxd4 20. Qxd4 Qxd4 21. Nxd4 Bxe5 22. c3 Bg3+ 23. Kd1 Rf2 24. Rg1 Rd8 25. Kc1 e5 26. Nf3 Bf4+ 27. Kb1 e4 28. Nd4 e3 29. a3 Re8 30. Ka2 e2 31. Nc2 Bh2 32. Rge1 Rxg2 33. Rac1 Bg3 34. Rh1 Bf4 35. Rb1 Rh2 36. Rxh2 Bxh2 37. Ne1 Rd8 38. Rc1 Rd1 39. Kb1 Bf4 0-1

[Event "GER-ch U10"]
[Site "Willingen"]
[Date "2018.05.25"]
[Round "9"]
[White "Itin, Timofey"]
[Black "Krueger, Arthur"]
[Result "0-1"]
[WhiteElo "1298"]
[BlackElo "1442"]
[PlyCount "66"]
[EventDate "2018.05.19"]
[EventType "swiss"]
[EventRounds "11"]
[EventCountry "GER"]
[SourceTitle "CBM 184 Extra"]
[Source "ChessBase"]
[SourceDate "2018.06.28"]
[SourceVersion "1"]
[SourceVersionDate "2018.06.28"]
[SourceQuality "1"]

1. e4 e5 2. Nf3 Nc6 3. Bb5 a6 4. Ba4 Nf6 5. d3 b5 6. Bb3 Bc5 7. Be3 Bxe3 8. fxe3 d6 9. Nbd2 0-0 10. 0-0 Be6 11. d4 Bxb3 12. axb3 Re8 13. Re1 d5 14. exd5 Nxd5 15. Qe2 exd4 16. Nf1 dxe3 17. Qd3 Ncb4 18. Qd1 f5 19. Nxe3 Rxe3 20. Qd2 Rxe1+ 21. Nxe1 Qd6 22. c3 Nc6 23. Rd1 Rd8 24. Nc2 Nf4 25. Qxd6 Rxd6 26. Rf1 Ne2+ 27. Kf2 Rd2 28. Ne3 Nxc3+ 29. Kg1 Ne2+ 30. Kf2 f4 31. Nf5 Ng3+ 32. Ke1 Nxf1 33. Kxf1 Rxb2 0-1

[Event "GER-ch U10"]
[Site "Willingen"]
[Date "2018.05.25"]
[Round "10"]
[White "Krueger, Arthur"]
[Black "Puchas, Henrik"]
[Result "1-0"]
[WhiteElo "1442"]
[BlackElo "1405"]
[PlyCount "61"]
[EventDate "2018.05.19"]
[EventType "swiss"]
[EventRounds "11"]
[EventCountry "GER"]
[SourceTitle "CBM 184 Extra"]
[Source "ChessBase"]
[SourceDate "2018.06.28"]
[SourceVersion "1"]
[SourceVersionDate "2018.06.28"]
[SourceQuality "1"]

1. e4 e5 2. Nf3 Nc6 3. Bc4 Bc5 4. c3 Nf6 5. d3 h6 6. 0-0 a6 7. a4 Ba7 8. Nbd2 d6 9. Bb3 Qe7 10. Re1 g5 11. h3 g4 12. hxg4 Bxg4 13. Nc4 h5 14. Bg5 Rg8 15. Bh4 0-0-0 16. Ne3 Bxe3 17. Rxe3 Rg6 18. Bd5 Na7 19. Qb3 c6 20. Bxf7 Rg7 21. Ng5 d5 22. Qb6 Kb8 23. exd5 cxd5 24. Rxe5 Qxe5 25. Qxd8+ Bc8 26. Bg3 Qxg3 27. fxg3 Rxg5 28. Qxf6 Rf5 29. Qd6+ Ka8 30. Bxd5 Rg5 31. Rf1 1-0